000 00846nam a2200241Ia 4500
003 OSt
005 20220930201211.0
006 a|||||r|||| 00| 0
007 ta
008 220926b |||||||| |||| 00| 0 eng d
024 _a72283
037 _cDissertations
040 _aCRL
_cCRL
_beng
041 _2eng
_aeng
100 _aGoel Saket
_9565587
110 _aUniversity of Delhi. Faculty of Medical Sciences. Department of Surgery
245 0 _aClinico histologic evaluation of the effect of ascorbic acid on efficacy of polychemotherapy in advanced breast carcinoma.
650 _aSURGERY
700 _a Supervisor : Dr. S. B. Agarwal
_9565588
700 _aUniversity of Delhi. Faculty of Medical Sciences. Department of Surgery
942 _cDIS
_2CC
999 _c901602
_d901602